000 00797nam a2200289 a 4500
003 AR-BaBNM
005 20251128210655.0
008 082120s2002 ||||||||||||||000 | spa||
020 _a987-95461-1-3
040 _cAR-BaBNM
100 1 _aCasas, Mario de
245 0 0 _aEnfoques desde la democracia
260 _aMendoza
_bBiblioteca Comunal
_c1996
300 _a214 p.
500 _aCon dedicatoria del autor al ex Ministro de Educación Juan José LLach
610 2 4 _aUnión Cívica Radical [Argentina]
650 4 _aHISTORIA POLITICA
650 4 _aCRISIS POLITICAS
650 4 _aPROBLEMAS SOCIALES
650 4 _aCORRUPCION
650 4 _aPARTIDOS POLITICOS ARGENTINOS
650 4 _aDEMOCRACIA
651 4 _aMendoza
651 4 _aArgentina
942 _cBK
998 _cMariana
999 _c16384
_d16384